| 000 | 01094cam a22003374a 4500 | ||
|---|---|---|---|
| 001 | 4362232 | ||
| 003 | OSt | ||
| 005 | 20180116183013.0 | ||
| 008 | 031124s2003 enk b 001 0 eng | ||
| 010 | _a 2003013318 | ||
| 020 | _a0749439467 | ||
| 024 | 8 | _aR4-405285 | |
| 035 | _a(OCoLC)52357496 | ||
| 035 | _a(OCoLC)ocm52357496 | ||
| 035 | _a(NNC)4362232 | ||
| 040 |
_aDLC _cDLC _dDLC |
||
| 042 | _apcc | ||
| 050 | 0 | 0 |
_aHD30.2 _b.C666 2003 |
| 082 | 0 | 0 |
_a658.4/038 THO 2003 _221 |
| 100 | 1 | _aCoulson-Thomas, Colin. | |
| 245 | 1 | 4 |
_aThe knowledge entrepreneur : _bhow your business can create, manage, and profit from intellectual capital / _cColin Coulson-Thomas. |
| 260 |
_aLondon ; _aSterling, VA : _bKogan Page, _c2003. |
||
| 300 |
_axiv, 240 p. ; _c24 cm. + _e1 CD-ROM (4 3/4 in.) |
||
| 504 | _aIncludes bibliographical references (p. [229]-233) and index. | ||
| 650 | 0 | _aKnowledge management. | |
| 650 | 0 |
_aInformation technology _xManagement. |
|
| 650 | 0 |
_aInformation technology _xEconomic aspects. |
|
| 650 | 0 | _aIntellectual capital. | |
| 942 |
_2ddc _cBK |
||
| 999 |
_c350340 _d350340 |
||